90th Anniversary. The American Federation of Art (Record no. 11040)

MARC details
000 -CABECERA
campo de control de longitud fija 01148nam a22002657a 4500
001 - NÚMERO DE CONTROL
campo de control BRCA_9418
003 - IDENTIFICADOR DEL NÚMERO DE CONTROL
campo de control FranzMayer
005 - FECHA Y HORA DE LA ÚLTIMA TRANSACCIÓN
campo de control 20230918130156.0
008 - DATOS DE LONGITUD FIJA--INFORMACIÓN GENERAL
campo de control de longitud fija 230906b |||||||| |||| 00| 0 eng d
040 ## - FUENTE DE LA CATALOGACIÓN
Centro catalogador/agencia de origen MFM
Lengua de catalogación ESPAÑOL
Centro/agencia transcriptor MFM
050 #0 - SIGNATURA TOPOGRÁFICA DE LA BIBLIOTECA DEL CONGRESO
Número de clasificación N5015
Número de documento/Ítem A44 1999
110 1# - ENTRADA PRINCIPAL--NOMBRE DE ENTIDAD CORPORATIVA
Código de función/relación Responsable
Nombre de entidad corporativa o nombre de jurisdicción como elemento de entrada The American Federation of Art
9 (RLIN) 29631
240 ## - TÍTULO UNIFORME
Título uniforme 90th Anniversary. The American Federation of Art
Medio Exhibitions Program 1999
Lenguaje de la obra Inglés
245 0# - MENCIÓN DE TÍTULO
Título 90th Anniversary. The American Federation of Art
Resto del título Exhibitions Program 1999
260 ## - PUBLICACIÓN, DISTRIBUCIÓN, ETC.
Lugar de publicación, distribución, etc. EE.UU.
Nombre del editor, distribuidor, etc. The American Federation of Art
Fecha de publicación, distribución, etc. 1999
300 ## - DESCRIPCIÓN FÍSICA
Extensión 127 p
Otras características físicas Ilustraciones a color
Dimensiones 22 cm
500 ## - NOTA GENERAL
Nota general Anexo 1
505 ## - NOTA DE CONTENIDO CON FORMATO
Nota de contenido con formato Texto en: inglésIncluye índice temáticoIncluye directorioDirigido a: historiadores de arte, artistas, personas con interés en el arte estadounidense
650 1# - PUNTO DE ACCESO ADICIONAL DE MATERIA--TÉRMINO DE MATERIA
Fuente del encabezamiento o término Artes visuales
Término de materia o nombre geográfico como elemento de entrada Exhibiciones
Subdivisión de forma Exhibiciones en EE.UU.
9 (RLIN) 29632
651 2# - PUNTO DE ACCESO ADICIONAL DE MATERIA--NOMBRE GEOGRÁFICO
Fuente del encabezamiento o término Estados Unidos de América
Nombre geográfico The American Federation of Art
Subdivisión de forma 1999
9 (RLIN) 29633
700 1# - PUNTO DE ACCESO ADICIONAL--NOMBRE DE PERSONA
Código de función/relación Coord
Nombre de persona Mitchell, Michaelyn
9 (RLIN) 29634
700 1# - PUNTO DE ACCESO ADICIONAL--NOMBRE DE PERSONA
Código de función/relación Diseño
Nombre de persona Kelly, Jerry
9 (RLIN) 29635
700 1# - PUNTO DE ACCESO ADICIONAL--NOMBRE DE PERSONA
Código de función/relación Port
Nombre de persona Degas, Edgar
9 (RLIN) 29636
942 ## - ELEMENTOS DE PUNTO DE ACCESO ADICIONAL (KOHA)
Fuente del sistema de clasificación o colocación Library of Congress Classification
Tipo de ítem Koha Libros
Holdings
Estado de retiro Estado de pérdida Fuente del sistema de clasificación o colocación Estado dañado No para préstamo Código de colección Localización permanente Ubicación/localización actual Fecha de adquisición Total de préstamos Signatura topográfica completa Código de barras Fecha visto por última vez Precio válido a partir de Tipo de ítem Koha
El ejemplar forma parte de la colección y puede ser consultado según las políticas vigentes.   Library of Congress Classification     Fondo Contemporáneo Biblioteca del Museo Franz Mayer (Rogerio Casas-Alatriste) Biblioteca del Museo Franz Mayer (Rogerio Casas-Alatriste) 06/09/2023   N5015 A44 1999 CONT10191 06/09/2023 06/09/2023 Libros